000 00355nam a2200157Ia 4500
008 210210b1902 xxu||||| |||| 00| 0 eng d
041 _aeng
082 _a320/489
100 _aREINSCH (P S)
245 _aColonial government
260 _a
_bNot Mentioned
_c1902
650 _aWorld
650 _apolitics
690 _aGovernments
906 _a003131
999 _c118468
_d118468